Liczby od 1 do 30 - Statystyki

Ogólne statystyki
  • Ten quiz został rozwiązany 47 razy
  • Średni wynik to 28 z 30
Statystyki odpowiedzi
Hint Odpowiedź % Poprawnych
# 1
100%
# 2
98%
# 3
98%
# 4
98%
# 5
98%
# 6
98%
# 7
95%
# 8
95%
# 9
95%
# 10
93%
# 11
93%
# 12
93%
# 13
93%
# 14
93%
# 15
93%
# 16
93%
# 17
93%
# 18
93%
# 19
93%
# 20
93%
# 21
93%
# 22
93%
# 23
93%
# 24
93%
# 25
93%
# 26
93%
# 27
93%
# 28
93%
# 29
93%
# 30
93%
Nie znaleziono quizów pasujących do podanych kryteriów
Rozkład punktacji
Procent ludzi z każdym wynikiem
Percentyl według liczby udzielonych odpowiedzi
Twoja historia wyników
Nie rozwiązałeś tego quizu